Statistics for Countries with the Largest Mosques

Click here to take the quiz!

General Stats

  • This quiz has been taken 103 times
  • The average score is 17 of 19

Answer Stats

NameCapacityAnswer% Correct
Masjid al-Haram4,000,000Saudi Arabia
100%
Al-Masjid an-Nabawi1,500,000Saudi Arabia
100%
Taj-ul-Masajid175,000India
95%
Imam Reza Shrine700,000Iran
94%
Jameh Mosque of Makki60,000Iran
94%
Jamkaran Mosque150,000Iran
94%
Badshahi Mosque100,000Pakistan
94%
Faisal Mosque300,000Pakistan
94%
Bahria Grand Mosque70,000Pakistan
94%
Imam Ali Shrine800,000Iraq
91%
Camica Mosque63,000Turkey
90%
Sheikh Zayed Mosque41,000United Arab Emirates
90%
Rahmatan Lil-Alamin Mosque150,000Indonesia
89%
Istiqlal Mosque200,000Indonesia
89%
Al-Akbar Mosque59,000Indonesia
89%
Al-Jabbar Great Mosque50,000Indonesia
89%
Djamaa el Djazair120,000Algeria
87%
Hassan II Mosque105,000Morocco
78%
Baitul Jannat Jame Mosque50,000Bangladesh
67%

Score Distribution

Percentile by Number Answered

Percent of People with Each Score

Your Score History

You have not taken this quiz